| 000 | 00374nam a2200145Ia 4500 | ||
|---|---|---|---|
| 008 | 240624s9999 xx 000 0 und d | ||
| 041 | _aeng | ||
| 082 | _a658.4013 SOL | ||
| 100 | _aSOLOW LAWRENCE | ||
| 245 | _aWHAT WORKS FOR GE MAY NOT WORK FOR YOU U | ||
| 250 | _a11 | ||
| 260 |
_c2010 _aNew York _bCRC Press |
||
| 300 | _axxvi, : 179 : p. : cm. ; 23 | ||
| 365 |
_cBPS _b27 |
||
| 999 |
_c17729 _d17729 |
||